LEADER 01226nam0 22003373i 450 001 MOD1569365 005 20231121125555.0 010 $a9788838666575 100 $a20130221d2010 ||||0itac50 ba 101 | $aita 102 $ait 181 1$6z01$ai $bxxxe 182 1$6z01$an 200 1 $aGeografia economica$fPaola Morelli 210 $aMilano$cMcGraw-Hill$d2010 215 $aXXIII, 355, [19] p.$cill.$d26 cm 225 | $aCollana di istruzione scientifica$i. Serie di economia 300 $aIn copertina : Web Site. 410 0$1001RAV0197796$12001 $aCollana di istruzione scientifica$i. Serie di economia 500 10$aGeografia economica.$3MSE0070249$9CFIV011105$9245295 606 $aGeografia economica$2FIR$3RMLC003148$9I 676 $a330.9$9$v21 700 1$aMorelli$b, Paola$3CFIV011105$032965 801 3$aIT$bIT-01$c20130221 850 $aIT-FR0098 899 $aBiblioteca Area Giuridico Economica$bFR0098 912 $aMOD1569365 950 0$aBiblioteca Area Giuridico Economica$d 53DEG B. P. 12$e 53DEG0000000905 VMN NN $fB $h20120101$i20130221 977 $a 53 996 $aGeografia economica$9245295 997 $aUNICAS LEADER 03470nam 2200613 450 001 9910789143603321 005 20200903223051.0 010 $a90-04-26211-3 024 7 $a10.1163/9789004262119 035 $a(CKB)3710000000078121 035 $a(EBL)1579903 035 $a(SSID)ssj0001082124 035 $a(PQKBManifestationID)11580312 035 $a(PQKBTitleCode)TC0001082124 035 $a(PQKBWorkID)11091589 035 $a(PQKB)10968936 035 $a(MiAaPQ)EBC1579903 035 $a(nllekb)BRILL9789004262119 035 $a(Au-PeEL)EBL1579903 035 $a(CaPaEBR)ebr10819094 035 $a(CaONFJC)MIL551108 035 $a(OCoLC)865657047 035 $a(PPN)178906018 035 $a(EXLCZ)993710000000078121 100 $a20140103d2014 uy 0 101 0 $aeng 135 $aur|n|---||||| 181 $ctxt 182 $cc 183 $acr 200 10$aPoetry and memory in Karaite prayer $ethe liturgical poetry of the Karaite poet Moses ben Abraham Dar?i? /$fby Joachim J. M. S. Yeshaya 210 1$aLeiden, Netherlands :$cBrill,$d2014. 210 4$dİ2014 215 $a1 online resource (340 p.) 225 1 $aEtudes sur le Judai?sme Me?die?val,$x0169-815X ;$vTome 61 225 1 $aKaraite Texts and Studies ;$vVolume 6 300 $aDescription based upon print version of record. 311 $a90-04-25991-0 320 $aIncludes bibliographical references and index. 327 $tPreliminary Material /$rJoachim J. M. S. Yeshaya -- $tIntroduction /$rJoachim J. M. S. Yeshaya -- $t1 Karaite Liturgy and Poetry /$rJoachim J. M. S. Yeshaya -- $t2 Language, Rhetoric, Prosody /$rJoachim J. M. S. Yeshaya -- $t3 Thematic Elements /$rJoachim J. M. S. Yeshaya -- $t4 Edition /$rJoachim J. M. S. Yeshaya -- $tConclusion /$rJoachim J. M. S. Yeshaya -- $tAlphabetical List of Poems Nos. 1?96 /$rJoachim J. M. S. Yeshaya -- $tAlphabetical List of Biblical Names /$rJoachim J. M. S. Yeshaya -- $tVariant Readings /$rJoachim J. M. S. Yeshaya -- $tBibliography /$rJoachim J. M. S. Yeshaya -- $tIndex of Names and Subjects /$rJoachim J. M. S. Yeshaya -- $tPlates /$rJoachim J. M. S. Yeshaya. 330 $aIn Poetry and Memory in Karaite Prayer Joachim Yeshaya offers an edition of liturgical poems which the Karaite poet Moses Dar?? composed in twelfth-century Egypt as introductory poems for the Torah readings on each Sabbath. The Hebrew text and Judaeo-Arabic heading of each poem are provided in the original order attested in the manuscript NLR Evr. I 802, dated to the fifteenth century. Every poem comes with a commentary section consisting of English commentary essays and bilingual (Hebrew / English) line-by-line annotations. In the conclusion following this edition, Joachim Yeshaya demonstrates how Dar???s liturgical poems are among the earliest examples of the introduction of poetry, Andalusian Rabbanite poetical norms, and the ?memory? of being exiled from Jerusalem into Karaite prayer. 410 0$aEtudes sur le judai?sme me?die?val ;$vt. 61. 410 0$aKaraite texts and studies ;$vv. 6. 606 $aHebrew poetry$zEgypt$xHistory and criticism 615 0$aHebrew poetry$xHistory and criticism. 676 $a892.4/12 700 $aYeshaya$b Joachim$01533653 801 0$bMiAaPQ 801 1$bMiAaPQ 801 2$bMiAaPQ 906 $aBOOK 912 $a9910789143603321 996 $aPoetry and memory in Karaite prayer$93848798 997 $aUNINA